| 000 | 00503nam a2200181Ia 4500 | ||
|---|---|---|---|
| 999 |
_c15017 _d15017 |
||
| 003 | OSt | ||
| 005 | 20201116093240.0 | ||
| 008 | 190216s9999||||xx |||||||||||||| ||und|| | ||
| 040 | _coclc | ||
| 082 |
_a428.43 _bLEW/S |
||
| 100 |
_aLewis, Norman _96055 |
||
| 245 | 0 |
_aSpeed Reading Made Easy / _cNorman Lewis |
|
| 250 | _a1st Ed. | ||
| 260 |
_bGoyal Saab Jawahar Nagar, _c1995. _aDelhi: |
||
| 300 | _a178p | ||
| 650 | _aEnglish | ||
| 942 |
_cBK _2ddc _h428.43 _iLEW/S _k428.43 _mLEW/S |
||